Nuevo sistema para estudiar la lengua griega (Registro nro. 301099)
[ vista simple ]
| 000 -ENCABEZADO | |
|---|---|
| Número de control [NR] | 01472nam a22002417a 4500 |
| 005 - FECHA Y HORA DE LA ÚLTIMA TRANSACCIÓN | |
| control field | 20150903152744.0 |
| 008 - DE LONGITUD FIJA DE DATOS DE ELEMENTOS - INFORMACIÓN GENERAL | |
| Elementos de longitud fija [NR] | 150903s1839 sp ||||fr|||| 001 0 spa d |
| 040 ## - FUENTE DE CATALOGACION [NR] | |
| Quien Cataloga | Sandra Yazo |
| Quien Clasifica | Sandra Yazo |
| 041 0# - CODIGO DE IDIOMA [R] | |
| Código de idioma para texto/pista de sonido o título separado [R] | Español |
| 082 ## - NUMERO DE CLASIFICACION DECIMAL DEWEY [R] | |
| Número de la edición [NR] | 20 |
| Número de clasificación [R] | 485 |
| 092 ## - SIGNATURA TOPOGRAFICA LOCAL | |
| Número de clasificación local | E37N043 |
| 100 1# - ASIENTO PRINCIPAL--NOMBRE PERSONAL [NR] | |
| Nombre personal [NR] | Silva, Miguel de |
| ID Autoridad | 71278 |
| 245 10 - MENCION DE TITULO [NR] | |
| Título [NR] | Nuevo sistema para estudiar la lengua griega |
| Parte restante del título [NR] | Tomo I Gramática |
| Mención de responsabilidad, etc. [NR] | por Don Miguel de Silva |
| 260 ## - PUBLICACION, DISTRIBUCION, ETC. (PIE DE IMPRENTA) [R] | |
| Lugar de publicación, distribución, etc. [R] | Madrid (España) |
| Nombre del editor, distribuidor, etc. [R] | Imprimerie Bruneau [Imprenta Bronueau |
| Fecha de publicación, distribución, etc. [R] | 1839 |
| 300 ## - DESCRIPCION FISICA [R] | |
| Extensión [R] | 192 páginas |
| Dimensiones [R] | 18 x 12 cm. |
| 500 ## - NOTA GENERAL [R] | |
| Nota general [NR] | Detalles físicos: Encuadernación rígida en cartón forrado en papel. Lomo desprendido. Guardas, la delantera con una firma. Anteportada. Portada impresa en una sola tinta. Texto en una sola columna, varias tablas entre el texto, algunas manchas en el papel |
| 505 1# - NOTA DE CONTENIDO CON FORMATO PREESTABLECIDO [R] | |
| Nota de contenido con formato preestablecido [NR] | Alfabeto griego español ; De las letras ; Vocales ; Diptongos ; consonantes ; Acentos ; Aspiraciones ; Apóstrofos ; Mutación, adición, suspensión ; Contracción ; Las palabras ; Declinaciones ; Artículo ; Declinaciones del artículo ; Sustantivo ; Adjetivo ; Participio y sus declinaciones ; Comparativos y superlativos ; Adjetivo de número ; Pronombre ; Verbo ; Desinencias de los tiempos ; Conjugación de los verbos ; Apéndices ; Diálogos |
| 506 ## - NOTA DE RESTRICCIONES DE ACCESO [R] | |
| Condiciones de acceso [NR] | Consulta en sala |
| 650 #7 - ASIENTO SECUNDARIO DE MATERIA - TERMINO TEMATICO [R] | |
| 9 (RLIN) | 16537 |
| Término temático o nombre geográfico como elemento de entrada [NR] | Griego |
| Subdivisión general [R] | Gramatica |
| 650 #7 - ASIENTO SECUNDARIO DE MATERIA - TERMINO TEMATICO [R] | |
| 9 (RLIN) | 15720 |
| Término temático o nombre geográfico como elemento de entrada [NR] | Filología griega |
| 690 ## - ASUNTO AGREGADO LOCAL DE ENTRADA - TÉRMINO TEMÁTICO (OCLC, RLIN) | |
| 9 (RLIN) | 42920 |
| Acceso temático local | Teoría lingüística |
| 942 ## - ELEMENTOS DE ENTRADA AGREGADOS (KOHA) | |
| Sistema de clasificación | LOCAL |
| Tipo de ítem principal el descrito en 300a | Libro |
| Edición | 1 |
| Clasificación | E37N043 |
| Suprimido | Perdido | Sistema de clasificación | Dañado | No prestable | Tipo de ítem específico | Ubicación habitual | Ubicación actual | Localización | Fecha de creación | Forma de adquisición | Costo | Total préstamos | Signatura topográfica | Código de barras | Última vez visto | Ejemplar | Price effective from | Tipo de ítem |
|---|---|---|---|---|---|---|---|---|---|---|---|---|---|---|---|---|---|---|
| LOCAL | Libro archivo | Archivo Histórico | Archivo Histórico | Archivo histórico | 03/09/2015 | Donación | 0.00 | E37N043 | L005125 | 03/09/2015 | Ej.1 | 03/09/2015 | Libro |